000 01605nam a2200361 c 4500
003 BLK
005 20240815102538.0
008 180411b bul|||||r ||||||| ||bul||
010 _aKNG00188614000
040 _aBLK
041 _aBUL
_cBUL
072 7 _2bullib
_aН83
_xЧужда художествена литература Н
080 _aФренска литература
_b821.133.1
_x(081.2)
_z821.133.1(081.2)
080 _aФренска литература
_b821.133.1
_x-31
_z821.133.1-31
100 1 _aЮго, Виктор
_eпърви автор
_9366073
700 1 _aГечева, Ерма Албертова
_eпрев. от фр. на том
_9367512
139 _aЮго, Виктор
_bЮ 13
245 1 0 _aИзбрани творби
_bВ 8 т. За том: Роман
_cВиктор Юго; прев. от фр. на том Ерма Албертова Гечева.
_nТ. 4
_pЧовекът, който се смее
257 _aFRA
260 София
_bНар. култура
_c1988 -
300 _c21 см
380 _aX
500 _aОфс. изд.
653 _aромани
659 _aН
760 1 _aЮго, Виктор
_d1988
_h632 с.
_n1. изд. [1929] на изд. Ив. Г. Игнатов и синове. - Ориг. загл. L'homme qui rit / Victor Hugo.
_tТ. 4 Човекът, който се смее
852 _aЦб 151965
856 4 _qpdf
_u
856 4 _qpdf
_u
942 _cKNG
_n0
_08
944 _aCR
_c22.06.2016
_lЦветомила Тодорова
_k30576
944 _aED
_c19.12.2017
_lф /
_kЛюдмила_Стоянова
999 _c179809
_d179809